000 01226nam a2200337Ia 4500
001 Z_7110
003 CHAP
005 20221028183724.0
008 220113s2018 xx 000 0 und d
010 _a170382
040 _cCHAP
090 _aTesis M37 2663
100 _aMartínez Dávalos, Nancy
_9130256
245 _aCalidad de ovocitos de diferentes condiciones de cultivo durante la maduración in vitro /
_cNancy Martínez Dávalos
260 _aMéxico :
_bEl autor,
_c2018
300 _aCD
502 _aTesis (Maestro en Ciencias en Innovación Ganadera) -- UACh, 2018 \ Dirección: Raymundo Rangel Santos; asesoría: Raymundo Rodríguez de Lara y Demetrio Alonso Ambríz García
650 _aCultivo dinámico
_9146789
650 _aCultivo estático
_9146790
650 _aOvis aries
_9146791
650 _aTasa de maduración
_9146792
700 _a Ambríz García, Demetrio Alonso, asesor
_9146793
700 _a Rodríguez de Lara, Raymundo, asesor
_9144053
700 _aRangel Santos, Raymundo, director
_9139209
856 4 2 _uhttp://10.13.5.2/tesis/sist115351.pdf
_yDescargar PDF
901 _aTESIS M37 2663
902 _aM
910 _a2018
942 _c2
_2ddc
942 _c2
_2ddc
999 _c170382
_d170382